MAGNIFYING C (Record no. 216731)

MARC details
000 -LEADER
fixed length control field 00541nam a22001817a 4500
008 - FIXED-LENGTH DATA ELEMENTS--GENERAL INFORMATION
fixed length control field 260302b |||||||| |||| 00| 0 eng d
020 ## - INTERNATIONAL STANDARD BOOK NUMBER
International Standard Book Number 978-81-203-3861-6
050 ## - LIBRARY OF CONGRESS CALL NUMBER
Classification number QA 76.73 .C 15 G 67 2009
100 ## - MAIN ENTRY--PERSONAL NAME
Personal name GOPAL, ARPITA
245 ## - TITLE STATEMENT
Title MAGNIFYING C
250 ## - EDITION STATEMENT
Edition statement EASTERN ECONOMY EDITION
260 ## - PUBLICATION, DISTRIBUTION, ETC.
Place of publication, distribution, etc. NEW DELHI,
Name of publisher, distributor, etc. PHI LEARNING PRIVATE LIMITED,
Date of publication, distribution, etc. 2009,
300 ## - PHYSICAL DESCRIPTION
Extent XV, 476P.
500 ## - GENERAL NOTE
General note INCLUDES INDEX
650 ## - SUBJECT ADDED ENTRY
Topical term or geographic name entry element 1. C COMPUTER PROGRAM LANGUAGE 2. COMPUTER PROGRAMMING -TEXTBOOKS
942 ## - ADDED ENTRY ELEMENTS (KOHA)
Source of classification or shelving scheme Library of Congress Classification
Koha item type Long Loan Book
Holdings
Withdrawn status Lost status Source of classification or shelving scheme Damaged status Not for loan Collection Home library Current library Shelving location Date acquired Inventory number Total checkouts Full call number Barcode Date last seen Copy number Price effective from Koha item type
    Library of Congress Classification     Science & Technology Kisii University Library Kisii University Library On Display 03/02/2026 111485   QA 76 .73 .C15 G 67 2009 A000653 03/02/2026 1 03/02/2026 Long Loan Book
    Library of Congress Classification     Science & Technology Kisii University Library Kisii University Library On Display 03/02/2026 111486   QA 76 .73 .C15 G 67 2009 A000654 03/02/2026 2 03/02/2026 Long Loan Book
    Library of Congress Classification     Science & Technology Kisii University Library Kisii University Library On Display 03/02/2026 111487   QA 76 .73 .C15 G 67 2009 A000655 03/02/2026 3 03/02/2026 Long Loan Book
    Library of Congress Classification     Science & Technology Kisii University Library Kisii University Library On Display 03/02/2026 111488   QA 76 .73 .C15 G 67 2009 A000656 03/02/2026 4 03/02/2026 Long Loan Book